| 000 | 01165nam a2200265 i 4500 | ||
|---|---|---|---|
| 001 | 102412 | ||
| 003 | ES-MaACL | ||
| 005 | 20250812090713.0 | ||
| 007 | t| | ||
| 008 | 051110s1925 sp ||||1| spa d | ||
| 100 | 1 |
_aMergelina, Cayetano de. _980488 |
|
| 245 | 1 | 0 |
_aDe arquitectura mozárabe : _bla iglesia rupestre de Bobastro / _cpor C. de Mergelina. |
| 260 |
_a[Madrid : _bJunta para Ampliación de Estudios e Investigaciones Científicas, Centro de Estudios Históricos], _c1925. |
||
| 300 |
_a18 p., [8] h. de lám. : _bil. ; _c28 cm. |
||
| 490 | 1 |
_aArchivo español de arte y arqueología ; _v2 |
|
| 530 | _aDisponible en formato digital. | ||
| 650 | 7 |
_aArquitectura mozárabe _2embne _9145227 |
|
| 651 | 4 |
_aBobastro (Ciudad desaparecida) _9163593 |
|
| 710 | 2 |
_aCentro de Estudios Históricos. _92648 |
|
| 830 | 1 |
_aArchivo español de arte y arqueología ; _v2 _9181041 |
|
| 852 |
_aES-MaACL _j1692-F-14 _9106239 _cDEPOF _zRevisado enlace: 05 de Abril de 2025 |
||
| 856 |
_uhttp://bibliotecavirtual.malaga.es/i18n/consulta/registro.cmd?id=16391 _yBiblioteca Virtual de la Provincia de Málaga |
||
| 942 | _2udc | ||
| 999 |
_c102412 _d102412 |
||